ロード中...

Understanding the biological diversity act 2002: A dossier

書誌詳細
第一著者: Kanchi Kohli
フォーマット: Printed Book
言語:Undetermined
出版事項: Delhi Kalpavriksh 2006
LEADER 00687nam a2200229Ia 4500
008 141004s9999 xx 000 0 und d
040 |c a 
041 |a English 
082 |a 342.046 
082 |b COH/LI 
100 |a Kanchi Kohli 
245 |a Understanding the biological diversity act 2002: A dossier 
245 |c Kanchi Kohli 
260 |a Delhi 
260 |b Kalpavriksh 
260 |c 2006 
300 |a 159 p.  
300 |b 24 cm 
501 |a 3A4 & 5  
942 |c BK 
999 |c 173997  |d 173997 
952 |0 0  |1 0  |4 0  |6 342_046000000000000_COH_LI  |7 0  |9 179017  |a KAUCOF  |b KAUCOF  |o 342.046 COH/LI  |p KAU_COF-4675  |r 2014-10-04  |w 2014-10-04  |y BK